| 000 | 00455nam a2200181 a 4500 | ||
|---|---|---|---|
| 001 | 372 | ||
| 003 | CO-ViMGA | ||
| 008 | 141112s2004 ck r 000 u spa d | ||
| 040 |
_aCO-ViMGA _bspa _cCO-ViMGA |
||
| 082 | 0 | 4 | _aNOSe |
| 100 | 1 |
_aNostlinger, Christine _911091 |
|
| 245 | 1 | 0 | _aLas enfermedades de Franz |
| 260 |
_aBogota : _bNorma, _c1992 |
||
| 300 | _a71 p : il | ||
| 490 | _aTorre de papel | ||
| 650 | 1 | 4 |
_aCUENTOS INFANTILES _9487 |
| 942 |
_2ddc _cBK |
||
| 999 |
_c12615 _d12615 |
||